000 00610nam a2200229Ia 4500
005 20241129120110.0
008 241129s9999||||xx |||||||||||||| ||und||
020 _a9780367672225
037 _aTB
040 _aSDCL
_beng
_cSDCL
041 _aeng
_2eng
084 _aD66,3, R2
_qSDCL
100 _aBird John
_9729133
245 0 _aBird’s electrical circuit theory and technology
250 _a7th
260 _aNew York
_bRoutledge
_c2022
300 _axvii,902p.+Index
365 _aGBP
_b44.99
650 _aElectronic Science
942 _cTB
_hD66,3, R2
999 _c1233334
_d1233334